| 000 | 00638cam a22002171 4500 | ||
|---|---|---|---|
| 001 | sa 68015280 | ||
| 003 | DLC | ||
| 005 | 20260227112642.0 | ||
| 008 | 820525s1941 ii k 000 0 eng | ||
| 010 | _asa 68015280 | ||
| 040 |
_aDLC _cDLC _dDLC |
||
| 043 | _aa-ii--- | ||
| 050 | 0 | 0 |
_aHD8039.T42 _bI45 |
| 110 | 2 | _aBombay Millowners' Association. | |
| 245 | 1 | 0 | _aRecommendations on labour matters. |
| 260 |
_aBombay, _bExaminer Press, _c1941. |
||
| 300 |
_a143 p. _bforms. _c22 cm. |
||
| 500 | _aCover title. | ||
| 650 | 0 |
_aTextile workers _zIndia _zBombay (State) |
|
| 650 | 0 |
_aPersonnel management _zIndia _zBombay (State) _xCase studies. |
|
| 999 |
_c86368 _d86368 |
||